| 000 | 00703nam a2200241 a 4500 | ||
|---|---|---|---|
| 001 | 53802 | ||
| 003 | BD-RjUL | ||
| 005 | 20211209080025.0 | ||
| 008 | 161025r19521944nyua 000 0 eng | ||
| 035 | _a(BD-RjUL)53924 | ||
| 040 |
_aDLC _cCarP _dDLC _dBD-RjUL _beng |
||
| 041 | _aeng | ||
| 082 |
_223 _a612 _bTOF 1954 |
||
| 100 | 1 |
_aTokay, Elbert _9160695 |
|
| 245 | 1 | 0 |
_aFundamentals of physiology / _cElbert Tokay |
| 260 |
_aNew York : _bBarnes & Noble, _cc 1944 [Reprinted 1954] |
||
| 300 |
_axiv, 336 p. : _bill. ; _c21 cm. |
||
| 490 | _aEveryday Handbook Series | ||
| 500 | _aIncludes Index | ||
| 650 | 0 |
_aHuman Physiology _9160696 |
|
| 830 |
_aEveryday Handbook Series _9197272 |
||
| 942 |
_2ddc _cBK |
||
| 999 |
_c53802 _d53802 |
||